| 000 | 00485nam a2200181Ia 4500 | ||
|---|---|---|---|
| 005 | 20250508160402.0 | ||
| 008 | 008 250505s9999 xx 000 0 eng d | ||
| 037 | _aReference | ||
| 040 |
_aFEDL _beng _cFEDL |
||
| 041 |
_aeng _2eng |
||
| 084 |
_a503, UVA _qFEDL |
||
| 100 |
_aUvarov E B _9347056 |
||
| 245 | 0 | _aDictionary of science | |
| 260 |
_aHarmondsworth _bPenguin Books Limited _c1972 |
||
| 300 | _a443p. | ||
| 942 |
_cREF _h503, UVA |
||
| 999 |
_c1364270 _d1364270 |
||